The real estate investor’s guide to cash flow and equity management : Choose the investing strategy to maximize your goals

The Real Estate Investor's Guide to Cash Flow and Equity Management tackles the pros and cons of a major dilemma for investors: whether to concentrate on increasing equity or cash flow. In this reliable guide, Jack Cummings provides insider techniques and investment strategies for every situati...

詳細記述

保存先:
書誌詳細
第一著者: Cummings, Jack
フォーマット: 図書
言語:Undetermined
出版事項: Hoboken, N.J. John Wiley & Sons 2006
主題:
タグ: タグ追加
タグなし, このレコードへの初めてのタグを付けませんか!
Thư viện lưu trữ: Trung tâm Học liệu Trường Đại học Cần Thơ
LEADER 00982nam a2200217Ia 4500
001 CTU_164623
008 210402s9999 xx 000 0 und d
020 |c 20.78 
082 |a 332.6324 
082 |b C971 
100 |a Cummings, Jack 
245 4 |a The real estate investor’s guide to cash flow and equity management : 
245 0 |b Choose the investing strategy to maximize your goals 
245 0 |c Jack Cummings 
260 |a Hoboken, N.J. 
260 |b John Wiley & Sons 
260 |c 2006 
520 |a The Real Estate Investor's Guide to Cash Flow and Equity Management tackles the pros and cons of a major dilemma for investors: whether to concentrate on increasing equity or cash flow. In this reliable guide, Jack Cummings provides insider techniques and investment strategies for every situation, every time. 
650 |a Real estate investment,Đầu tư bất động sản 
904 |i Qhieu 
980 |a Trung tâm Học liệu Trường Đại học Cần Thơ